000 01422nam a22002057a 4500
001 3334
003 FISKH
005 20240228153523.0
008 240228b cb ||||| |||| 00| 0 eng d
040 _aFISKH
_beng
_cFISKH
_dFISKH
082 _a959.6
100 _aSocheat, Duong
245 _aThe history of malaria in Cambodia/
_cDuong Socheat
260 _aPhnom Penh :
_bMinistry of Information,
_c2012.
300 _a 232 pages :
_bcolor illustrations ; map ;
_c25 cm
520 _aMalaria has been one of the major killer diseases in Cambodia and the Royal Government of Cambodia have not only committed key resources to control the scourge but also launched a long term strategic plan to eliminate malaria in the country by 2025. To collect all the relevant information and documents from different sources from around the year 1951 until May 2011 and compile in the form of a book in order to present this as a significant malaria document for the future generations of the country and especially to those individuals and organization that would be interested in learning about challenge posed by the disease and how the diseases burden has been overcome through a national program that involved from an emergency mission mode program through control and sustained control to an ambitious elimination program.
650 _aMalaria
_xCambodia
_yMalaria 1951-2011
_zHistory
942 _2ddc
_cBK
_n0
999 _c3334
_d3334